Manual of Settlement : (Record no. 616267)

000 -LEADER
fixed length control field 00337nam a22001097a 4500
082 ## - DEWEY DECIMAL CLASSIFICATION NUMBER
Classification number 346.04373
Author Mark MAN
245 ## - TITLE STATEMENT
Title Manual of Settlement :
Remainder of title Law and procedure /
Statement of responsibility, etc. Creator Pakistan The Chief Settlement Commissioner
260 ## - PUBLICATION, DISTRIBUTION, ETC.
Place of publication, distribution, etc. Karachi :
Name of publisher, distributor, etc. Manager of Publications,
Date of publication, distribution, etc. N.A.
300 ## - PHYSICAL DESCRIPTION
Extent 636 p. ;
Dimensions 25 cm.
563 ## - BINDING INFORMATION
Binding note HB.
942 ## - ADDED ENTRY ELEMENTS (KOHA)
Source of classification or shelving scheme
Koha item type Book
Holdings
Withdrawn status Lost status Source of classification or shelving scheme Damaged status Not for loan Permanent Location Current Location Date acquired Source of acquisition Total Checkouts Full call number Barcode Date last seen Price effective from Koha item type
          NUST Law School (NLS) NUST Law School (NLS) 02/17/2026 Donated by Mr. Salahuddin Khan Advocate Supreme Court of Pakistan   346.04373 MAN NLSD-539 02/17/2026 02/17/2026 Book
© 2023 Central Library, National University of Sciences and Technology. All Rights Reserved.